000 01442nam1a2200337 i 4500
001 RU\NLR\bibl\1028500
005 20260406163346.0
035 _a(NLR Aleph) 001015987
090 _a668317
_c668317
100 _a20070109g19949999u y0rusy50 ca
101 0 _arus
102 _aRU
105 _ay|||z |||||
200 1 _aМатериалы к библиографии русских литературно-художественных альманахов и сборников, 1900-1937 г.
_fН.А. Богомолов
_gРус. библиогр. о-во
210 _aМосква
_cЛантерна-Вита
_d1994
215 _d22
225 1 _aAcademia rossica
225 1 _aСерия "Studia Bibliographica" Русского библиографического общества
463 0 _1001998307
606 _aРусская литература
_jБиблиография
_91032583
_3RU\NLR\auth\6678541
686 _aШ4я19
686 _aШ5(2=Р)я19
700 1 _4070
_8rus
_7ca
_aБогомолов
_bН. А.
_cд-р филол. наук
_f1950-2020
_gНиколай Алексеевич
_3RU\NLR\AUTH\7746864
_929799
712 0 2 _4650
_aРусское библиографическое общество
_3RU\NLR\AUTH\889934765
_9364557
801 0 _aRU
_bNLR
_c20070109
_gRCR
801 1 _aRU
_bNLR
_c20070109
852 _aNLR
_jС 2006-2/466
942 _cBOOK